[Event "4NCL/Div3/3CS2 vs. MKE"]
[Site "West Bromwich ENG"]
[Date "2002.11.10"]
[Round "2.4"]
[White "Ioannides, Milton"]
[Black "Taylor, Robert M"]
[Result "0-1"]
[WhiteElo "2096"]
[BlackElo "2165"]
[PlyCount "104"]
[EventDate "2002.11.10"]

1. e4 c5 2. Nf3 e6 3. d4 cxd4 4. Nxd4 Nc6 5. Nc3 d6 6. Be3 Be7 7. Qd2 Nf6 8. f3
a6 9. a4 Qc7 10. Be2 Ne5 11. O-O O-O 12. Nb3 Bd7 13. a5 Rac8 14. Bb6 Nc4 15.
Bxc4 Qxc4 16. Rfd1 Bc6 17. Qe3 e5 18. Rd2 h6 19. Rad1 Nh5 20. Qf2 Nf4 21. Nc1
f5 22. Nd5 Bxd5 23. exd5 Bg5 24. b3 Qb5 25. c4 Qe8 26. Ne2 e4 27. Nxf4 Bxf4 28.
Re2 Qh5 29. h3 Rce8 30. g3 exf3 31. Rxe8 Rxe8 32. Rf1 Qxh3 33. Qxf3 Bxg3 34.
Qg2 Qg4 35. Bf2 Bxf2+ 36. Rxf2 Re1+ 37. Rf1 Rxf1+ 38. Kxf1 Qxg2+ 39. Kxg2 Kf7
40. b4 Ke7 41. c5 dxc5 42. bxc5 g5 43. Kf3 h5 44. Kg2 h4 45. Kh3 Kd7 46. Kg2 g4
47. Kh2 f4 48. Kg2 f3+ 49. Kf2 Kc7 50. Kg1 g3 51. d6+ Kd7 52. Kf1 f2 0-1

[Event "4NCL/Div3/3CS2 vs. MKE"]
[Site "West Bromwich ENG"]
[Date "2002.11.10"]
[Round "2.5"]
[White "Gordon, Stephen J"]
[Black "Valentine, Brian J"]
[Result "1-0"]
[WhiteElo "2159"]
[BlackElo "1952"]
[PlyCount "69"]
[EventDate "2002.11.10"]

1. c4 e5 2. g3 Nf6 3. Bg2 g6 4. Nc3 Bg7 5. e4 O-O 6. Nge2 d6 7. O-O Nc6 8. d3
Ne8 9. Be3 f5 10. exf5 gxf5 11. f4 Nf6 12. h3 Kh8 13. Qd2 Qe7 14. Rae1 a6 15.
b3 Bd7 16. fxe5 dxe5 17. d4 e4 18. Nf4 Qd8 19. Nce2 Qe7 20. d5 Ne5 21. Nd4 c6
22. Nfe6 Bxe6 23. Nxe6 cxd5 24. Nxf8 dxc4 25. Rxf5 Rxf8 26. Ref1 Qe6 27. g4
cxb3 28. axb3 Nc6 29. g5 Nd7 30. Rxf8+ Bxf8 31. Qc2 Be7 32. Qxe4 Qxb3 33. Bd4+
Kg8 34. Qd5+ Qxd5 35. Bxd5# 1-0

[Event "4NCL/Div3/3CS2 vs. MKE"]
[Site "West Bromwich ENG"]
[Date "2002.11.10"]
[Round "2.6"]
[White "Kendall, Paul SW"]
[Black "Whitworth, Philip"]
[Result "0-1"]
[WhiteElo "1928"]
[BlackElo "1944"]
[PlyCount "40"]
[EventDate "2002.11.10"]

1. e4 e5 2. Nf3 Nc6 3. Bb5 f5 4. d4 fxe4 5. Bxc6 dxc6 6. Nxe5 Nf6 7. O-O Bd6 8.
Bg5 O-O 9. Qe2 Qe8 10. Nc3 Bxe5 11. dxe5 Qxe5 12. Bxf6 Qxf6 13. Qxe4 Bf5 14.
Qc4+ Be6 15. Qc5 Qg6 16. Qe3 Rae8 17. Qg3 Qxc2 18. Qxc7 Qxb2 19. Ne4 Bc4 20.
Rab1 Qd4 0-1

[Event "4NCL/Div3/3CS2 vs. MKE"]
[Site "West Bromwich ENG"]
[Date "2002.11.10"]
[Round "2.7"]
[White "Plant, Paul"]
[Black "Mahony, Richard"]
[Result "1/2-1/2"]
[WhiteElo "2024"]
[BlackElo "1856"]
[PlyCount "100"]
[EventDate "2002.11.10"]

1. d4 Nf6 2. c4 e6 3. g3 d5 4. Nf3 Be7 5. Bg2 O-O 6. O-O dxc4 7. Ne5 c5 8. e3
Qc7 9. Qc2 Nbd7 10. Nxc4 Nb6 11. b3 cxd4 12. exd4 Nbd5 13. Qe2 b6 14. Bb2 Bb7
15. Rc1 Qd8 16. Nbd2 Rc8 17. Ne5 Rxc1+ 18. Rxc1 Qa8 19. f4 Rc8 20. Rxc8+ Qxc8
21. Ndc4 h6 {=} 22. Ne3 Bd6 23. Nxd5 Bxd5 24. Bxd5 Nxd5 25. Qc4 Qb7 26. Qc6
Qxc6 27. Nxc6 a6 28. Ne5 Kf8 29. Kf2 f6 30. Nc4 Be7 31. a3 Ke8 32. Ne3 Nxe3 33.
Kxe3 Kd7 34. g4 g6 35. f5 gxf5 36. gxf5 exf5 37. Kf4 Bd6+ 38. Kxf5 Bxh2 39.
Kxf6 Bf4 40. Kf5 Bd2 41. d5 Kd6 42. Ke4 h5 43. Be5+ Kd7 44. Bd4 b5 45. Bf2 Bg5
46. a4 Be7 47. axb5 axb5 48. Kd4 h4 49. Bxh4 Bxh4 50. Kc5 Bf2+ 1/2-1/2

[Event "4NCL/Div3/3CS2 vs. MKE"]
[Site "West Bromwich ENG"]
[Date "2002.11.10"]
[Round "2.8"]
[White "Wilcox, Charlotte"]
[Black "Martin, Katie A"]
[Result "1/2-1/2"]
[WhiteElo "1528"]
[BlackElo "1584"]
[PlyCount "38"]
[EventDate "2002.11.10"]

1. e4 e5 2. Nf3 Nc6 3. Bc4 Nf6 4. Ng5 d5 5. exd5 Na5 6. d3 Nxc4 7. dxc4 h6 8.
Nf3 e4 9. Qe2 Be7 10. Nfd2 Bf5 11. Nc3 Bb4 12. O-O Bxc3 13. bxc3 O-O 14. Rb1
Rb8 15. Rd1 Re8 16. h3 Qd7 17. Qe3 Qa4 18. Ra1 Qxc2 19. Ba3 Qa4 1/2-1/2

[Event "4NCL/Div3/MIN vs. GUI3"]
[Site "Telford ENG"]
[Date "2003.01.18"]
[Round "3.1"]
[White "Moss, Robin"]
[Black "Richardson, Kevin D"]
[Result "0-1"]
[WhiteElo "2271"]
[BlackElo "2169"]
[PlyCount "62"]
[EventDate "2003.01.18"]

1. e4 c5 2. Nf3 Nc6 3. Bb5 g6 4. O-O Bg7 5. Re1 Nf6 6. h3 O-O 7. c3 e5 8. Bxc6
dxc6 9. Nxe5 Re8 10. f4 Nxe4 11. Rxe4 f6 12. d4 fxe5 13. fxe5 cxd4 14. Qxd4 Bf5
15. Qc4+ Kh8 16. Rd4 Qb6 17. Na3 Bxe5 18. Be3 Qxb2 19. Re1 Qxa3 20. Bc1 Qa6 21.
Qb4 Qb5 22. Rxe5 Qxb4 23. Rxe8+ Rxe8 24. Rxb4 Re1+ 25. Kf2 Rxc1 26. Rxb7 Rc2+
27. Kf3 Rxa2 28. g4 Be6 29. Ke4 Bd5+ 30. Ke5 Re2+ 31. Kf6 Rf2+ 0-1

[Event "4NCL/Div3/MIN vs. GUI3"]
[Site "Telford ENG"]
[Date "2003.01.18"]
[Round "3.2"]
[White "Briscoe, Christopher"]
[Black "Kenworthy, Gary"]
[Result "1/2-1/2"]
[WhiteElo "2187"]
[BlackElo "2259"]
[PlyCount "84"]
[EventDate "2003.01.18"]

1. e4 c5 2. Nf3 e6 3. Nc3 a6 4. g3 b5 5. Bg2 Bb7 6. d3 d6 7. O-O Nd7 8. Qe2
Ngf6 9. h4 Be7 10. Nh2 Qc7 11. Bd2 Ne5 12. Nd1 h5 13. Ne3 Nc6 14. c3 Nd7 15. f4
Bf6 16. Nf3 g6 17. Rac1 Kf8 18. Qf2 Kg7 19. Bh3 Rae8 20. Kh2 {=} Nd8 21. b3 a5
22. Ng5 d5 23. e5 Bxg5 24. hxg5 Qb6 25. d4 Rhf8 26. Nc2 c4 27. b4 Nc6 28. a3
axb4 29. axb4 Ne7 30. g4 Rh8 31. Kg2 hxg4 32. Bxg4 Qd8 33. Rh1 Nb6 34. Ne3 Nf5
35. Bxf5 gxf5 36. Nf1 Rxh1 37. Kxh1 Rh8+ 38. Kg2 Rh7 39. Ng3 Qh8 40. Rh1 Rxh1
41. Nxh1 Na4 42. Qf3 Kg6 1/2-1/2

[Event "4NCL/Div3/MIN vs. GUI3"]
[Site "Telford ENG"]
[Date "2003.01.18"]
[Round "3.3"]
[White "Conlon, Joseph P"]
[Black "Punnett, Alan K"]
[Result "1/2-1/2"]
[WhiteElo "2215"]
[BlackElo "2129"]
[PlyCount "60"]
[EventDate "2003.01.18"]

1. e4 e6 2. d4 d5 3. Nc3 Nf6 4. Bg5 Bb4 5. e5 h6 6. Bd2 Bxc3 7. bxc3 Ne4 8. Bd3
Nxd2 9. Qxd2 c5 10. f4 Nc6 11. Nf3 Qa5 12. c4 dxc4 13. Bxc4 Qxd2+ 14. Kxd2 cxd4
15. Bb5 Bd7 16. Bxc6 Bxc6 17. Nxd4 O-O-O 18. Ke3 Kc7 19. Rhb1 Rd5 20. c4 Rd7
21. Rb2 Rhd8 22. Rd2 a6 23. g4 g6 24. h4 Rg8 25. Rg1 Kb6 26. Rb2+ Kc7 27. a3
Rgd8 28. Rd2 Rg8 29. Rb1 h5 30. g5 Rgd8 1/2-1/2

[Event "4NCL/Div3/MIN vs. GUI3"]
[Site "Telford ENG"]
[Date "2003.01.18"]
[Round "3.4"]
[White "Shepley, Julien M"]
[Black "Stirling, William J"]
[Result "1/2-1/2"]
[WhiteElo "2131"]
[BlackElo "2174"]
[PlyCount "113"]
[EventDate "2003.01.18"]

1. d4 g6 2. e4 Bg7 3. Nf3 d6 4. h3 Nf6 5. Nc3 O-O 6. Be2 c5 7. d5 b5 8. Bxb5
Nxe4 9. Nxe4 Qa5+ 10. Nc3 Bxc3+ 11. bxc3 Qxb5 12. Bh6 Re8 13. Qd3 Qa4 14. c4
Ba6 15. Qc3 f6 16. Nd2 Nd7 17. Qb3 Qa5 18. O-O Ne5 19. Qe3 Kh8 20. Rfe1 Rab8
21. a3 Qa4 22. Qc3 Kg8 23. Re4 Bc8 24. g4 Nf7 25. Bf4 f5 26. Re6 fxg4 27. hxg4
Bxe6 28. dxe6 Nd8 29. Re1 Nc6 30. Bh6 Nd4 31. Re4 Qxc2 32. Qxc2 Nxc2 33. Rf4
Nd4 34. Re4 Rb2 35. Kg2 Ra2 36. Nb1 Rc2 37. Nd2 Rb8 38. Nf3 Nxf3 39. Kxf3 Rc3+
40. Kg2 Rxa3 41. Rf4 Rab3 42. Rf7 R3b7 43. Rg7+ Kh8 44. Rf7 a5 45. Bd2 Kg8 46.
Bc3 Rb3 47. Bxa5 Rf8 48. Rxe7 Rb2 49. Be1 Rc2 50. Kg3 Rxc4 51. Bd2 Rc2 52. Bh6
Rcxf2 53. Rg7+ Kh8 54. Rd7 R2f3+ 55. Kg2 Rf2+ 56. Kg3 R2f3+ 57. Kg2 1/2-1/2

[Event "4NCL/Div3/MIN vs. GUI3"]
[Site "Telford ENG"]
[Date "2003.01.18"]
[Round "3.5"]
[White "Muter, Donny"]
[Black "Hill, David F"]
[Result "1-0"]
[WhiteElo "2085"]
[BlackElo "2066"]
[PlyCount "72"]
[EventDate "2003.01.18"]

1. d4 d5 2. Nf3 e6 3. c4 Nf6 4. Nc3 Be7 5. Bg5 h6 6. Bh4 O-O 7. e3 Ne4 8. Bxe7
Qxe7 9. Qc2 Nxc3 10. Qxc3 dxc4 11. Bxc4 c5 12. O-O Nd7 13. Qa3 Re8 14. Rfd1 e5
15. dxe5 Nxe5 16. Nxe5 Qxe5 17. Rd5 Qe4 18. Qxc5 Be6 19. Rd4 Qc2 20. Qb4 Rac8
21. Bxe6 Rxe6 22. Qd2 Rc5 23. g3 Rb6 24. b3 Ra6 25. Qb4 Rb6 26. Qa4 Rf5 27. Rf4
Rxf4 28. exf4 g6 29. Qxa7 Qc6 30. Qb8+ Kh7 31. Re1 Rb5 32. Qe8 Qxe8 33. Rxe8
Kg7 34. Re3 h5 35. Re5 Rb4 36. Kf1 Kf6 1-0

[Event "4NCL/Div3/MIN vs. GUI3"]
[Site "Telford ENG"]
[Date "2003.01.18"]
[Round "3.6"]
[White "Lang, Heather"]
[Black "Kafka, Graeme"]
[Result "0-1"]
[WhiteElo "2069"]
[BlackElo "2116"]
[PlyCount "80"]
[EventDate "2003.01.18"]

1. e4 c5 2. Nc3 Nc6 3. g3 g6 4. Bg2 Bg7 5. d3 d6 6. Be3 Rb8 7. Qd2 b5 8. Nge2
Nd4 9. O-O Bg4 10. f3 Bd7 11. Nd1 e6 12. Nc1 Ne7 13. c3 Ndc6 14. Bh6 O-O 15.
Bxg7 Kxg7 16. f4 Qb6 17. Ne3 f5 18. g4 b4 19. Nc4 Qc7 20. gxf5 exf5 21. Ne2 Be6
22. Ne3 bxc3 23. Qxc3+ Kg8 24. d4 fxe4 25. Bxe4 Nb4 26. f5 Nxf5 27. Nf4 Qe7 28.
a3 cxd4 29. Nxf5 gxf5 30. Qxd4 fxe4 31. axb4 Rxf4 32. Rxf4 Qg5+ 33. Kh1 Qxf4
34. Rg1+ Kf8 35. Qh8+ Ke7 36. Qxb8 Qf3+ 37. Rg2 e3 38. Qxa7+ Bd7 39. Qd4 Qf1+
40. Rg1 Bc6+ 0-1

[Event "4NCL/Div3/MIN vs. GUI3"]
[Site "Telford ENG"]
[Date "2003.01.18"]
[Round "3.7"]
[White "Parker, Robert"]
[Black "Stimpson, Philip M"]
[Result "1/2-1/2"]
[WhiteElo "2115"]
[BlackElo "1944"]
[PlyCount "81"]
[EventDate "2003.01.18"]

1. d4 Nf6 2. c4 e5 3. dxe5 Ng4 4. Bf4 Nc6 5. Nf3 Bb4+ 6. Nc3 Bxc3+ 7. bxc3 Qe7
8. Qd5 f6 9. exf6 Nxf6 10. Qd3 d6 11. e3 O-O 12. Be2 Ne4 13. O-O Bf5 14. Qd5+
Kh8 15. Rac1 g5 16. Bg3 h5 17. Nd4 Bg6 18. Nxc6 bxc6 19. Qd4+ Kh7 20. f3 c5 21.
Qd1 Nxg3 22. hxg3 Qxe3+ 23. Kh1 Rfe8 24. Re1 Qe5 25. f4 gxf4 26. Bf3 Qxe1+ 27.
Qxe1 Rxe1+ 28. Rxe1 Rf8 29. Re7+ Rf7 30. Rxf7+ Bxf7 31. gxf4 Bxc4 32. a3 Kg6
33. Be4+ Kf6 34. Kg1 d5 35. Bh7 d4 36. Kf2 Be6 37. g3 dxc3 38. Ke3 Bb3 39. Kd3
c2 40. Kd2 Ba4 41. Be4 1/2-1/2

[Event "4NCL/Div3/MIN vs. GUI3"]
[Site "Telford ENG"]
[Date "2003.01.18"]
[Round "3.8"]
[White "Allinson, Julian"]
[Black "Broomfield, Lucy"]
[Result "1-0"]
[WhiteElo "1880"]
[BlackElo "2019"]
[PlyCount "79"]
[EventDate "2003.01.18"]

1. d4 d5 2. c4 e6 3. Nf3 Nf6 4. g3 Be7 5. Bg2 O-O 6. O-O Nbd7 7. Qc2 Ne4 8. Nc3
Ndf6 9. Ne5 Nxc3 10. bxc3 c6 11. Rb1 Nd7 12. Nxd7 Qxd7 13. cxd5 exd5 14. c4
dxc4 15. Qxc4 Rb8 16. Bxc6 Qd8 17. Bg2 Be6 18. d5 Bd7 19. Bf4 Rc8 20. Qd3 b5
21. d6 Bf6 22. Rfc1 Qa5 23. Rc7 Rfd8 24. Bb7 Rb8 25. Bd5 b4 26. Qb3 Kh8 27.
Bxf7 g5 28. Be6 gxf4 29. Bxd7 fxg3 30. hxg3 Be5 31. Bf5 Bg7 32. Qf7 Qe5 33. Qh5
h6 34. Qg6 Kg8 35. Qh7+ Kf8 36. Bg6 Qf6 37. Rf7+ Qxf7 38. Bxf7 Kxf7 39. Qf5+
Ke8 40. Qe6+ 1-0

[Event "4NCL/Div3/WES2 vs. BRI2"]
[Site "Telford ENG"]
[Date "2003.01.18"]
[Round "3.1"]
[White "Rutter, Nicholas"]
[Black "Rudd, Jack"]
[Result "0-1"]
[WhiteElo "2120"]
[BlackElo "2171"]
[PlyCount "124"]
[EventDate "2003.01.18"]

1. e4 e6 2. Nf3 c5 3. d4 cxd4 4. Nxd4 Nc6 5. Nb5 d6 6. Bf4 e5 7. Be3 Nf6 8. Bg5
a6 9. N5c3 Be7 10. Bxf6 Bxf6 11. Nd2 O-O 12. Nc4 Nd4 13. Bd3 Be6 14. Ne3 g6 15.
O-O Bg7 16. Ne2 Rc8 17. c3 Nc6 18. Bc4 Bxc4 19. Nxc4 Ne7 20. Ne3 Qb6 21. Qb3
Qxb3 22. axb3 Bh6 23. Nc4 Rfd8 24. Rfd1 d5 25. exd5 Rxd5 26. Rxd5 Nxd5 27. g3
Re8 28. Ra5 b5 29. Nd6 Re6 30. Ne4 Rc6 31. c4 Nc7 32. N4c3 bxc4 33. bxc4 Rxc4
34. Rxe5 Rb4 35. Rc5 Rb7 36. Na4 Ne6 37. Ra5 Ra7 38. Kg2 Bf8 39. Rd5 Rb7 40.
Nec3 Bb4 41. h4 h5 42. Ne4 Be7 43. Ra5 Rb4 44. Nec3 Nc7 45. Re5 Kf8 46. Re4
Rxe4 47. Nxe4 Bb4 48. f3 Ne6 49. Nac3 f5 50. Nd5 Be7 51. Nec3 {=} Bd6 52. Ne2
Ke8 53. g4 fxg4 54. fxg4 hxg4 55. Nf6+ Kf7 56. Nxg4 Nc5 57. Nc3 Nd3 58. Nd1 a5
59. Ngf2 Nxf2 60. Kxf2 Be5 61. Kf3 a4 62. Kg4 Bxb2 0-1

[Event "4NCL/Div3/WES2 vs. BRI2"]
[Site "Telford ENG"]
[Date "2003.01.18"]
[Round "3.2"]
[White "Dilleigh, Stephen P"]
[Black "Clark, Ian C"]
[Result "1/2-1/2"]
[WhiteElo "2158"]
[BlackElo "2119"]
[PlyCount "42"]
[EventDate "2003.01.18"]

1. d4 d5 2. c4 dxc4 3. e3 Nf6 4. Bxc4 e6 5. Nf3 a6 6. O-O c5 7. Bd3 Nc6 8. Nc3
cxd4 9. exd4 Be7 10. Re1 Nb4 11. Bb1 O-O 12. Bg5 Bd7 13. a3 Nbd5 14. Qd3 Nxc3
15. bxc3 g6 16. Bh6 Re8 17. Ne5 Rc8 18. c4 Bc6 19. Ba2 Bd6 20. Nxc6 bxc6 21.
Qf3 Be7 1/2-1/2

[Event "4NCL/Div3/WES2 vs. BRI2"]
[Site "Telford ENG"]
[Date "2003.01.18"]
[Round "3.3"]
[White "Tunks, Dominic"]
[Black "Curtis, John"]
[Result "1-0"]
[WhiteElo "2096"]
[BlackElo "2143"]
[PlyCount "57"]
[EventDate "2003.01.18"]

1. e4 e5 2. Nf3 d6 3. d4 Nf6 4. Nc3 Nbd7 5. Bc4 Be7 6. O-O O-O 7. Re1 c6 8. a4
b6 9. Bg5 a6 10. Bf1 Bb7 11. Qd3 b5 12. Rad1 Re8 13. Bxf6 Bxf6 14. dxe5 Nxe5
15. Qxd6 Nxf3+ 16. gxf3 Qxd6 17. Rxd6 Be5 18. Rd7 Bc8 19. Rd3 Kf8 20. b3 Re6
21. Ne2 Rg6+ {=} 22. Bg2 Rf6 23. Rd8+ Ke7 24. Red1 Bc7 25. Rg8 g6 26. e5 Rf5
27. Nd4 Rg5 28. Nxc6+ Ke6 29. Re8+ 1-0

[Event "4NCL/Div3/WES2 vs. BRI2"]
[Site "Telford ENG"]
[Date "2003.01.18"]
[Round "3.4"]
[White "Easton, Alex"]
[Black "Marsh, Roger"]
[Result "1/2-1/2"]
[WhiteElo "2123"]
[BlackElo "2069"]
[PlyCount "52"]
[EventDate "2003.01.18"]

1. Nf3 d5 2. c4 c6 3. d4 e6 4. Qc2 Nf6 5. g3 dxc4 6. Qxc4 b5 7. Qc2 Bb7 8. Bg2
Nbd7 9. O-O c5 10. Nc3 b4 11. Na4 Rc8 12. Nxc5 Nxc5 13. dxc5 Bxc5 14. Qa4+ Bc6
15. Qa6 O-O 16. Bf4 Qe7 17. Ne5 Bxg2 18. Kxg2 Nd5 19. Rac1 Qd6 20. Qb5 Bd4 21.
Nd3 Nxf4+ 22. gxf4 e5 23. Nxe5 Rxc1 24. Rxc1 Bxb2 25. Rc6 Qb8 26. Qc5 Bxe5
1/2-1/2

[Event "4NCL/Div3/WES2 vs. BRI2"]
[Site "Telford ENG"]
[Date "2003.01.18"]
[Round "3.5"]
[White "Gregory, Keith D"]
[Black "Ponter, Ian"]
[Result "1/2-1/2"]
[WhiteElo "2032"]
[BlackElo "2103"]
[PlyCount "34"]
[EventDate "2003.01.18"]

1. Nf3 d5 2. g3 Nf6 3. Bg2 e6 4. O-O Be7 5. c4 O-O 6. b3 b6 7. cxd5 Nxd5 8. Bb2
c5 9. d3 Bb7 10. Nbd2 Nc6 11. Nc4 Bf6 12. Qd2 Rb8 13. Rac1 Qe7 14. Nce5 Nxe5
15. Bxe5 Bxe5 16. Nxe5 Nb4 17. Bxb7 Qxb7 1/2-1/2

[Event "4NCL/Div3/WES2 vs. BRI2"]
[Site "Telford ENG"]
[Date "2003.01.18"]
[Round "3.6"]
[White "Chaplin, Peter"]
[Black "Hopkins, Jamie R"]
[Result "1/2-1/2"]
[WhiteElo "2060"]
[BlackElo "2032"]
[PlyCount "43"]
[EventDate "2003.01.18"]

1. Nc3 c5 2. Nf3 Nc6 3. e4 e5 4. Bc4 Be7 5. O-O d6 6. Nd5 Nf6 7. Re1 O-O 8. c3
Na5 9. Nxf6+ Bxf6 10. Bd5 Nc6 11. d3 Qe7 12. Be3 Be6 13. d4 cxd4 14. cxd4 Bg4
15. dxe5 Nxe5 16. Bf4 Rfd8 17. Qb3 Rab8 18. Nxe5 dxe5 19. Be3 b6 {=} 20. f3 Bc8
21. Red1 Bb7 22. Bxb7 1/2-1/2

[Event "4NCL/Div3/WES2 vs. BRI2"]
[Site "Telford ENG"]
[Date "2003.01.18"]
[Round "3.7"]
[White "Pleasants, Allan J"]
[Black "Humphreys, Jerry"]
[Result "1-0"]
[WhiteElo "2000"]
[BlackElo "2066"]
[PlyCount "65"]
[EventDate "2003.01.18"]

1. Nf3 c5 2. g3 Nc6 3. c4 b6 4. Bg2 Bb7 5. O-O Nf6 6. Nc3 e6 7. d4 cxd4 8. Nxd4
Rc8 9. e4 Qc7 10. b3 a6 11. Bb2 Bc5 12. Nxc6 Bxc6 13. Qe2 O-O 14. Rad1 Qb7 15.
a3 b5 16. b4 Be7 17. c5 Ne8 18. Nd5 Bd8 19. Rfe1 d6 20. Qe3 Qa7 21. cxd6 Qb7
22. Nf4 g5 23. Nh5 f6 24. d7 Bxd7 25. e5 Bc6 26. Bxc6 Qxc6 27. exf6 Rf7 28.
Qxg5+ Kh8 29. Rc1 Qd7 30. Rxc8 Qxc8 31. Qe5 Nc7 32. g4 Qa8 33. Re3 1-0

[Event "4NCL/Div3/WES2 vs. BRI2"]
[Site "Telford ENG"]
[Date "2003.01.18"]
[Round "3.8"]
[White "Nicol, Ruth"]
[Black "Norman, Dinah"]
[Result "1-0"]
[WhiteElo "1700"]
[BlackElo "2021"]
[PlyCount "105"]
[EventDate "2003.01.18"]

1. e4 c6 2. d4 d5 3. Nc3 dxe4 4. Nxe4 Nd7 5. Nf3 Ngf6 6. Nxf6+ Nxf6 7. Be2 Bg4
8. O-O e6 9. Bg5 Be7 10. Re1 O-O 11. c3 Re8 12. Bd3 Bh5 13. Re5 Bg6 14. Qe2
Bxd3 15. Qxd3 Nd5 16. Bxe7 Qxe7 17. Ng5 Nf6 18. Rae1 Qd6 19. Ne4 Nxe4 20. Qxe4
Rad8 21. Re3 Qf8 22. Rh3 g6 23. Qh4 Qg7 24. g4 Rd5 25. f4 f6 26. Re2 f5 27. g5
c5 28. dxc5 Rxc5 29. Rd3 Rc7 30. Qe1 Qf7 31. Rd6 Rce7 32. a4 Kg7 33. h4 h6 34.
Qd2 b6 35. b4 Kh7 36. Qe1 h5 37. Re5 Kg8 38. c4 Kh7 39. c5 bxc5 40. bxc5 Qg7
41. c6 Qf7 42. Qe3 Qg7 43. Ra5 Kg8 44. Re5 Kh7 45. Qb3 Qf7 46. Re3 Qg7 47. Re5
Qf7 48. Rb5 Qg7 49. Rb7 Rxb7 50. Qxb7 Qxb7 51. cxb7 Rb8 52. Rd7+ Kg8 53. Rc7
1-0

[Event "4NCL/Div3/MKE vs. SLO2"]
[Site "Telford ENG"]
[Date "2003.01.18"]
[Round "3.1"]
[White "Smith, Graham M"]
[Black "Redpath, Joseph"]
[Result "1/2-1/2"]
[WhiteElo "2118"]
[BlackElo "2184"]
[PlyCount "24"]
[EventDate "2003.01.18"]

1. d4 g6 2. e4 c6 3. c3 Bg7 4. Bg5 d5 5. e5 f6 6. exf6 exf6 7. Bf4 Ne7 8. Bd3
Be6 9. Ne2 Nd7 10. Nd2 O-O 11. O-O Bf5 12. Qc2 Re8 1/2-1/2

[Event "4NCL/Div3/MKE vs. SLO2"]
[Site "Telford ENG"]
[Date "2003.01.18"]
[Round "3.2"]
[White "Richmond, Robert J"]
[Black "Freeman, Richard CP"]
[Result "1/2-1/2"]
[WhiteElo "2219"]
[BlackElo "2066"]
[PlyCount "85"]
[EventDate "2003.01.18"]

1. c4 g6 2. Nc3 Bg7 3. d4 d6 4. e4 e5 5. d5 Ne7 6. Bd3 O-O 7. Nge2 f5 8. exf5
gxf5 9. Bg5 Nd7 10. f4 e4 11. Bc2 Nf6 12. Qd2 Bd7 13. Nd4 Ng6 14. h4 h6 15. h5
hxg5 16. hxg6 Ng4 17. Ne6 e3 18. Qd1 Bxe6 19. dxe6 Bxc3+ 20. bxc3 Qf6 21. e7
Qxc3+ 22. Ke2 Qxc4+ 23. Bd3 Qxf4 24. Qb3+ Kg7 25. exf8=Q+ Rxf8 26. Raf1 Nf2 27.
Rh7+ Kxg6 28. Rxc7 Qg4+ 29. Ke1 Qb4+ 30. Qxb4 Nxd3+ 31. Ke2 Nxb4 32. Rxb7 Nxa2
33. Kxe3 Nc3 34. Rxa7 Re8+ 35. Kd3 Nd5 36. Kd4 Nf4 37. Rf2 Re4+ 38. Kc3 Kf6 39.
Kd2 d5 40. Ra8 Ne6 41. Ra6 Ke5 42. Ra8 f4 43. Re2 1/2-1/2

[Event "4NCL/Div3/MKE vs. SLO2"]
[Site "Telford ENG"]
[Date "2003.01.18"]
[Round "3.3"]
[White "Elwin, Adrian G"]
[Black "Tarifa, Alket"]
[Result "1/2-1/2"]
[WhiteElo "2031"]
[BlackElo "2159"]
[PlyCount "71"]
[EventDate "2003.01.18"]

1. Nf3 g6 2. c4 Bg7 3. d4 d6 4. Nc3 Nc6 5. d5 Nb8 6. e4 Nf6 7. Be2 O-O 8. O-O
Nbd7 9. Qc2 a5 10. Be3 Ng4 11. Bd4 Ngf6 12. Nd2 c5 13. Be3 Nb8 14. h3 Bd7 15.
f4 Qc8 16. Qd3 Na6 17. a3 Rb8 18. Bf2 Nc7 19. a4 Na6 20. Rac1 Nb4 21. Qe3 b6
22. e5 Ne8 23. Bh4 dxe5 24. Bxe7 e4 25. Qxe4 f5 26. Qf3 Rf7 27. Bh4 Nd6 28.
Rfe1 Bd4+ 29. Bf2 Bf6 30. b3 Qf8 31. Bf1 Qg7 32. Nb5 Nxb5 33. cxb5 Na2 34. Rc2
Nb4 35. Rcc1 Na2 36. Rc2 1/2-1/2

[Event "4NCL/Div3/MKE vs. SLO2"]
[Site "Telford ENG"]
[Date "2003.01.18"]
[Round "3.4"]
[White "de Coverly, Roger"]
[Black "Valentine, Brian J"]
[Result "1/2-1/2"]
[WhiteElo "2113"]
[BlackElo "1968"]
[PlyCount "78"]
[EventDate "2003.01.18"]

1. e4 Nc6 2. d4 e5 3. dxe5 Nxe5 4. Nc3 Bb4 5. Qd4 Qe7 6. Bf4 Bxc3+ 7. Qxc3 d6
8. O-O-O a6 9. Nf3 Ng6 10. Qxg7 Qf6 11. Qxf6 Nxf6 12. Be3 Nxe4 13. Bd3 d5 14.
Rhe1 O-O 15. Bh6 Re8 16. Ng5 f5 17. f3 Nf6 18. Rxe8+ Nxe8 19. Re1 Bd7 20. Ne6
Bxe6 21. Rxe6 Nd6 22. g4 fxg4 23. fxg4 Kf7 24. Re1 Re8 25. Rxe8 Nxe8 {=} 26. h4
Nxh4 27. Bxh7 Nf6 28. Bg5 Ng6 29. Bxf6 Kxf6 30. Kd2 Ne5 31. Bf5 c5 32. Bc8 b6
33. a3 a5 34. c3 Nc4+ 35. Kc2 Kg5 36. Be6 Ne3+ 37. Kd3 Nxg4 38. Bxd5 Kf4 39. c4
Ke5 1/2-1/2

[Event "4NCL/Div3/MKE vs. SLO2"]
[Site "Telford ENG"]
[Date "2003.01.18"]
[Round "3.5"]
[White "Williamson, Kevin J"]
[Black "Williams, Samuel G"]
[Result "1/2-1/2"]
[WhiteElo "1896"]
[BlackElo "2161"]
[PlyCount "134"]
[EventDate "2003.01.18"]

1. d4 d6 2. e4 Nf6 3. Nc3 c6 4. Nf3 Bg4 5. Be2 e6 6. O-O d5 7. exd5 cxd5 8. Ne5
Bxe2 9. Qxe2 Nc6 10. Qb5 Qc8 11. Bf4 Be7 12. Rad1 O-O 13. Qd3 Qd8 14. a3 Rc8
15. Nxc6 Rxc6 16. Ne2 Bd6 17. c3 a6 18. Rfe1 b5 19. Bxd6 Qxd6 20. Qg3 Qxg3 21.
Nxg3 {=} Rb8 22. Rd3 a5 23. f3 Ne8 24. Nf1 Nd6 25. Nd2 Rcb6 26. b3 Rc6 27. b4
a4 28. Kf2 Rbc8 29. Rc1 f6 30. g4 g5 31. Re3 Kf7 32. Rce1 Ne8 33. Nb1 Nc7 34.
Kg3 Na8 35. f4 gxf4+ 36. Kxf4 Nb6 37. Rh3 Kg6 38. Rhe3 Re8 39. Nd2 Nd7 40. Nf3
e5+ 41. dxe5 fxe5+ 42. Nxe5+ Nxe5 43. Rxe5 Rc4+ 44. Kf3 Rxc3+ 45. R1e3 Rxe5 46.
Rxc3 Re1 47. Rd3 Rb1 {=} 48. Rxd5 Rb3+ 49. Kf4 Rxa3 50. Rxb5 Rb3 51. Rb6+ Kf7
52. Kg5 a3 53. Rb7+ Kg8 54. Ra7 Rxb4 55. Rxa3 Rb5+ {=} 56. Kh4 Rb4 57. Ra7 Rc4
58. Kh5 Rc5+ 59. g5 Rc6 60. h4 Rc4 61. Re7 Rb4 62. Re6 Kg7 63. Re7+ Kg8 64. Re3
Kg7 65. Rg3 Ra4 66. Rg4 Rxg4 67. Kxg4 h6 1/2-1/2

[Event "4NCL/Div3/MKE vs. SLO2"]
[Site "Telford ENG"]
[Date "2003.01.18"]
[Round "3.6"]
[White "Keevil, Paul"]
[Black "Shaw, John S"]
[Result "1/2-1/2"]
[WhiteElo "2132"]
[BlackElo "1880"]
[PlyCount "46"]
[EventDate "2003.01.18"]

1. d4 Nf6 2. Nc3 d5 3. e4 dxe4 4. f3 e3 5. Bxe3 e6 6. Bc4 c6 7. Nge2 Nbd7 8. a3
Bd6 9. O-O Nd5 10. Nxd5 exd5 11. Bd3 Nf6 12. Bg5 h6 13. Bh4 Qc7 14. Bg3 O-O 15.
Bxd6 Qxd6 16. Qd2 b6 17. Qf4 Qxf4 18. Nxf4 Re8 19. Rfe1 Bd7 {=} 20. Kf2 Kf8 21.
b4 Rxe1 22. Rxe1 Re8 23. Rxe8+ Kxe8 1/2-1/2

[Event "4NCL/Div3/MKE vs. SLO2"]
[Site "Telford ENG"]
[Date "2003.01.18"]
[Round "3.7"]
[White "Wilcox, Stephen R"]
[Black "Armstrong, Malcolm J"]
[Result "0-1"]
[WhiteElo "1664"]
[BlackElo "2151"]
[PlyCount "58"]
[EventDate "2003.01.18"]

1. e4 e5 2. d4 exd4 3. c3 d5 4. exd5 Qxd5 5. cxd4 Nc6 6. Nf3 Bg4 7. Be2 O-O-O
8. Nc3 Bb4 9. Bd2 Bxc3 10. bxc3 Nf6 11. O-O Rhe8 12. Re1 Rd7 13. Be3 Rde7 14.
c4 Qa5 15. d5 Ne5 16. Nxe5 Bxe2 17. Rxe2 Rxe5 18. Bd2 {=} Qc5 19. Rxe5 Rxe5 20.
Rc1 Re4 21. Be3 Qa3 22. Rc2 Qb4 23. Qc1 Ng4 24. Bd2 Qc5 25. Be1 Ne5 26. Qb1 Nd3
27. Bc3 Rxc4 28. Qb3 Nxf2 29. Rxf2 Rxc3 0-1